La Contribución de la planificación familiar a la salud de la mujer y el niño /
Este documento recoge materiales de la Conferencia sobre "Mejor salud para la mujer y el niño mediante la planifiación de la familia". Fue extraído de presentaciones efectuadas en Nairobi, transcripciones de entrevistas con funcionarios de categoría superior y notas de los grupos de trabaj...
Na minha lista:
| Autores Corporativos: | , , , , , |
|---|---|
| Formato: | Texto |
| Idioma: | Spanish |
| Publicado em: |
Nairobi :
|
| Assuntos: | |
| Tags: |
Adicionar Tag
Sem tags, seja o primeiro a adicionar uma tag!
|
MARC
| LEADER | 00000 a a2200000 04500 | ||
|---|---|---|---|
| 001 | 2333 | ||
| 003 | cru CIDCACS/IIS | ||
| 005 | 20230904114434.0 | ||
| 008 | 230904b |||||||| |||| 00| 0 spa d | ||
| 040 | |c cru CIDCACS/IIS | ||
| 090 | |a 10857.00 | ||
| 245 | 4 | |a La Contribución de la planificación familiar a la salud de la mujer y el niño / |c OMS | |
| 260 | |a Nairobi : | ||
| 300 | |a 46 p | ||
| 520 | |a Este documento recoge materiales de la Conferencia sobre "Mejor salud para la mujer y el niño mediante la planifiación de la familia". Fue extraído de presentaciones efectuadas en Nairobi, transcripciones de entrevistas con funcionarios de categoría superior y notas de los grupos de trabajo. Aquí se describe el proceso de la citada conferencia: sus fundamentos, sus trabajos y las tareas de seguimiento que allí se propusieron, considerándola dentro del contexto más amplio de que forma parte. Además de la introducción, tiene los siguientes apartados: a) los fundamentos de la conferenca b) apertura de la conferencia (discursos y declaraciones) c) las tareas de la conferencia (programa y temas) ch) movilización de recursos d) recomendaciones de la conferencia e) actividades posteriores a la conferencia y, f) anexos (documentos, programa, participantes, miembros de grupos consultores y financiación de la conferencia). Algunos de los temas tratados fueron: planificación de la familia y salud de los niños, salud de los adolescentes, salud de la mujer, atención primara de la salud, los enfoques comunitarios y comerciales, la condición de la mujer y el papel del hombre provisión y administración de los servicios y, la calidad de los servicios. EB/MR | ||
| 650 | |a PLANIFICACION FAMILIAR | ||
| 650 | |a SALUD | ||
| 650 | |a MUJERES | ||
| 650 | |a NIÑOS | ||
| 650 | |a SALUD MATERNOINFANTIL | ||
| 650 | |a ATENCION PRIMARIA DE LA SALUD | ||
| 650 | |a SERVICIOS DE SALUD | ||
| 710 | |a UNICEF | ||
| 710 | |a FNUAP | ||
| 710 | |a Federación Internacional para la Planificación de la Familia | ||
| 710 | |a Consejo de Población | ||
| 710 | |a PNUD | ||
| 710 | |a Banco Mundial | ||
| 942 | |2 ddc |c LI | ||
| 999 | |c 15056 |d 15056 | ||
